Abec ̌de la Ley de Formalizacin̤ y Generacin̤ de Empleo. "Ley de Primer Empleo"

Detalles Bibliográficos
Autor Corporativo: Colombia. Ministerio de Trabajo
Formato: eBook
Lenguaje:español
Publicado: [Bogot]̀ : Ministerio de Trabajo (Colombia), 2012
Colección:Cuadernos de negociacin̤ colectiva
Materias:
Acceso en línea:Acceso restringido

MARC

LEADER 00000nam a22000007a 4500
005 20140314125330.0
007 cr|||| ||||
008 140314s2012 co |||||s|||| 00||0 spa d
035 |a 11805 
040 |a vLex 
090 |c 4709  |d 4709 
245 0 0 |a Abec ̌de la Ley de Formalizacin̤ y Generacin̤ de Empleo. "Ley de Primer Empleo"  |h [Recurso electrn̤ico]  
256 |a Servicio en ln̕ea 
260 |a [Bogot]̀ :  |b Ministerio de Trabajo (Colombia),  |c 2012 
300 |a 1 recurso electrn̤ico 
490 0 |a Cuadernos de negociacin̤ colectiva 
506 1 |a Contenido solo disponible en los productos indicados  |d vLex Global  |d vLex Global (Academic Edition, excluding Law Schools)  |d vLex Global (U.S. Academic Edition, Law Schools)  |d vLex Global (U.S. Academic Edition, excluding Law Schools)  |d vLex Global (Academic Edition, Law Schools) 
650 0 4 |a Derecho laboral  |z Colombia 
650 0 4 |a Creacin̤ de ocupacin̤  |z Colombia 
710 1 |a Colombia.  |b Ministerio de Trabajo  
740 |a vLex Libros (Servicio en ln̕ea) 
856 4 0 |u http://vlex.com/source/abece-ley-formalizacion-generacion-empleo-ley-primer-empleo-11805  |z Acceso restringido 
942 |c BOOK 
999 0 |a Job creation 
999 0 |a Labor laws and legislation